LEADER 01163nam a22002891i 4500 001 991000752369707536 005 20030307165657.0 008 021027s1986 it |||||||||||||||||ita 035 $ab12050040-39ule_inst 035 $aARCHE-013984$9ExL 040 $aDip.to Filologia Ling. e Lett.$bita$cA.t.i. Arché s.c.r.l. Pandora Sicilia s.r.l. 082 04$a853.8 100 1 $aSoldateschi, Jole$0156532 245 13$aIl laboratorio della prosa :$bPratesi, Palazzeschi, Cicognani /$cJole Soldateschi 260 $aFirenze :$bVallecchi,$c[1986] 300 $a205 p. ;$c19 cm 490 0 $aSaggi di cultura contemporanea 500 $aIn testa al front.: Università degli studi di Firenze, Facoltà di lettere e filosofia, Dipartimento di italianistica. 600 14$aCicognani, Bruno 650 4$aPalazzeschi, Aldo 650 4$aPratesi, Mario 907 $a.b12050040$b28-04-17$c01-04-03 912 $a991000752369707536 945 $aLE008 Cr O VII 22$g1$i2008000247089$lle008$o-$pE0.00$q-$rl$s- $t0$u0$v0$w0$x0$y.i1234395x$z01-04-03 996 $aLaboratorio della prosa$9144536 997 $aUNISALENTO 998 $ale008$b01-04-03$cm$da $e-$fita$git $h3$i1